Kỹ thuật đo kiểm mạng viễn thông số

Giới thiệu những thay đổi của mạng diện rộng PCM, ISDN, ATM băng rộng, các mạng PDH, SDH diện rộng và đặc biệt về báo hiệu, các phương pháp mã hoá cho truyền thông số. Đưa ra các lĩnh vực áp dụng và sử dụng qui trình đo, phân tích lỗi trong hệ thống, phân tích kết quả đo, nghiên cứu hiện tượng trượt...

詳細記述

保存先:
書誌詳細
その他の著者: Phan Nam Bình
言語:Undetermined
出版事項: Hà Nội Bưu Điện 2004
主題:
タグ: タグ追加
タグなし, このレコードへの初めてのタグを付けませんか!
Thư viện lưu trữ: Trung tâm Học liệu Trường Đại học Trà Vinh
LEADER 01037nam a2200241Ia 4500
001 TVU_721
008 210423s9999 xx 000 0 und d
041 |a Vie 
082 |a 384 
082 |b B312 
245 0 |a Kỹ thuật đo kiểm mạng viễn thông số 
245 0 |c Phan Nam Bình (biên soạn) 
260 |a Hà Nội 
260 |b Bưu Điện 
260 |c 2004 
300 |a 357 tr. 
300 |b minh họa 
300 |c 24 cm 
520 |a Giới thiệu những thay đổi của mạng diện rộng PCM, ISDN, ATM băng rộng, các mạng PDH, SDH diện rộng và đặc biệt về báo hiệu, các phương pháp mã hoá cho truyền thông số. Đưa ra các lĩnh vực áp dụng và sử dụng qui trình đo, phân tích lỗi trong hệ thống, phân tích kết quả đo, nghiên cứu hiện tượng trượt xung,... 
650 |a Mạng thông tin; Viễn thông 
700 |a Phan Nam Bình  
700 |e tập hợp và biên soạn 
980 |a Trung tâm Học liệu Trường Đại học Trà Vinh